Представление документа в формате RUSMARC

ПолеНазваниеЗначение
  Тип записи c
  Библиографический уровень m
001 Контрольный номер UONB/MAIN/842a1b0bf5b7457783dbfb828ec43077
005 Дата корректировки 20240717145932.7
010 Индекс ISBN __
9 Тираж 300 экз.
013 Номер (ISMN) __
d Цена 80 р.
100 Данные общей обработки __
a Данные общей обработки 20221124g2007 u##y0rusy0189## ca
101 Язык документа 0_
a Язык текста rus
f Язык титульного листа rus
102 Страна публикации __
a Страна публикации RU
125 Кодированные данные звукозаписи и нотных изданий __
a Форма изложения нотного текста с
128 Кодированные данные (звукозаписи-физические характеристики) __
a Кодированные данные: Музыкальная форма и тональность или лад zz
b Инструменты или голоса, необходимые для ансамблей (устаревшее) kt
c Инструменты или голоса, рекомендуемые для солистов (устаревшее) kt
200 Заглавие и сведения об ответственности 1_
a Заглавие Вып. 3
f Первые сведения об ответственности сост. : П. С. Васильев, Б. П. Мацко
203 Вид содержания и тип средства __
a Вид содержания Музыка
b Характеристика содержания знаковая
c Тип средства непосредственная
210 Выходные данные 1_
d Дата издания 2007
215 Физическое описание __
a Объем 120 с.
327 Примечание о содержании 11
a Примечание о содержании Содерж. : Прикладной танцевальный репертуар : Люблин И. Танец. - Кудаков Ю. Детская полька ; Чувашский фокстрот. - Щегольков Л. Танец ; Вальс из цикла "Детские пьесы" ; Весенний марш ; Вальс "В родном краю". - Федоров В. У околицы ; Частушка. - Жуковский Р. - Алексеев В. Хороводная. - Алексеев В. Пляска радости ; Лирический хоровод. - Инструментальные произведения : Журавлев В. Чувашское скерцо. - Мясников Ю. Попурри на темы Г. С. Лебедева. - Федоров В. Песня. - Щегольков Л. Диптих. - Алексеев-Яманак Г. У Чебоксарского залива. - Бечин Ю. В родном краю ; Фантазия на темы Г. Я. Хирбю. - Ансамбли (Дуэты) : Мясников Ю. Молодежный танец. - Кудаков Ю. Чувашский марш ; Концертная пьеса. - Алексеев В. Весенний вальс ; Танец башкортостанских чуваш : свободная обраб. ; Молодежные игры.
461 Уровень набора _0
1 2001
a Произведения чувашских композиторов в классе баяна
b Ноты
e учеб. пособие
e хрестоматия пед. репертуара
v Вып. 3
1 2101
a Чебоксары
c Чуваш. гос. пед. ун-т
d 2005 -
1 001UONB/MAIN/9a8846f0218d47d48140a192e4c1e647
1 215
d 29 см
464 Аналитический уровень _0
1 700 1
a Люблин
b И.
1 2001
a Танец
464 Аналитический уровень _0
1 700 1
a Кудаков
b Ю.
1 2001
a Детская полька
464 Аналитический уровень _0
1 700 1
a Кудаков
b Ю.
1 2001
a Чувашский фокстрот
464 Аналитический уровень _0
1 700 1
a Щегольков
b Л.
1 2001
a Танец
464 Аналитический уровень _0
1 700 1
a Щегольков
b Л.
1 2001
a Вальс
e из цикла "Детские пьесы"
1 50010
a Детские пьесы
i Вальс
464 Аналитический уровень _0
1 700 1
a Щегольков
b Л.
1 2001
a Весенний марш
464 Аналитический уровень _0
1 700 1
a Щегольков
b Л.
1 2001
a В родном краю
e вальс
464 Аналитический уровень _0
1 700 1
a Федоров
b В. Г.
1 2001
a У околицы
464 Аналитический уровень _0
1 700 1
a Федоров
b В. Г.
1 2001
a Частушка
464 Аналитический уровень _0
1 700 1
a Жуковский
b Р.
1 702 1
a Алексеев
b В.
4 030
1 2001
a Хороводная
464 Аналитический уровень _0
1 700 1
a Алексеев
b В.
1 2001
a Пляска радости
464 Аналитический уровень _0
1 700 1
a Алексеев
b В.
1 2001
a Лирический хоровод
464 Аналитический уровень _0
1 700 1
a Журавлев
b В. В.
1 2001
a Чувашское скерцо
464 Аналитический уровень _0
1 700 1
a Мясников
b Ю.
1 2001
a Попурри
e на темы Г. С. Лебедева
464 Аналитический уровень _0
1 700 1
a Федоров
b В. Г.
1 2001
a Песня
464 Аналитический уровень _0
1 700 1
a Щегольков
b Л.
1 2001
a Диптих
464 Аналитический уровень _0
1 700 1
a Алексеев-Яманак
b Г.
1 2001
a У Чебоксарского залива
464 Аналитический уровень _0
1 700 1
a Бечин
b Ю.
1 2001
a В родном краю
464 Аналитический уровень _0
1 700 1
a Бечин
b Ю.
1 2001
a Фантазия на темы Г. Я. Хирбю
464 Аналитический уровень _0
1 700 1
a Мясников
b Ю.
1 2001
a Молодежный танец
464 Аналитический уровень _0
1 700 1
a Кудаков
b Ю.
1 2001
a Чувашский марш
464 Аналитический уровень _0
1 700 1
a Кудаков
b Ю.
1 2001
a Концертная пьеса
464 Аналитический уровень _0
1 700 1
a Алексеев
b В.
1 2001
a Весенний вальс
464 Аналитический уровень _0
1 702 1
a Алексеев
b В.
4 030
1 2001
a Танец башкортостанских чуваш
464 Аналитический уровень _0
1 700 1
a Алексеев
b В.
1 2001
a Молодежные игры
512 Заглавие обложки 1_
a Заглавие обложки Произведения чувашских композиторов в классе баяна
606 Тематические рубрики 0_
a Основная рубрика Баян
x Основная подрубрика Педагогический репертуар
x Основная подрубрика Произведения чувашских композиторов
y Географическая подрубрика Чувашия
606 Тематические рубрики 0_
a Основная рубрика Ансамбли баянов
x Основная подрубрика Произведения чувашских композиторов
610 Ключевые слова 0_
a Ключевые слова баян; ансамбли баянов; произведения чувашских композиторов; педагогический репертуар; учебные пособия
686 Индексы других классификаций __
a Классификационный индекс 85.954.6(2)я43
a Классификационный индекс 85.952.459(2)я43
702 Вторичная интеллектуальная ответственность _1
a Фамилия Васильев
b Имя (инициалы) П. С.
g Полное личное имя Петр Семенович
4 Код отношения 220
702 Вторичная интеллектуальная ответственность _1
a Фамилия Мацко
b Имя (инициалы) Б. П.
g Полное личное имя Борис Петрович
4 Код отношения 220
801 Источник записи _0
a Страна RU
b Организация Ульяновская ОНБ
c Дата составления 20221124
g Правила каталогизации RCR
801 Источник записи _1
a Страна RU
b Организация Ульяновская ОНБ
c Дата составления 20221124
g Правила каталогизации RCR
901 Тип документа __
t Тип документа n
w Контрольный № источника UONB/MAIN/9a8846f0218d47d48140a192e4c1e647
909 Создатель записи __
a Создатель записи Грязнова И. Е.